| 000 | 01264ncm0a2200337 4500 | ||
|---|---|---|---|
| 001 | RU\NLR\ONIZ\213228 | ||
| 005 | 20250624205225.0 | ||
| 021 |
_aRU _b10-393н _910-33н |
||
| 035 | _aRU\NLR\ONIZ\GALA\5000026617\20151209141417 | ||
| 035 | _a(NLR Aleph) 010986008 | ||
| 090 |
_a10902208 _c10902208 |
||
| 100 | _a20151209d2010 |||y0rusy50 ca | ||
| 101 | 0 | _arus | |
| 102 | _aRU | ||
| 125 | _aax | ||
| 200 | 1 |
_aНовый год в семье октавы _bНоты _eмуз. сказка _e[для пения с фп.] _fЛ. Л. Фишкина |
|
| 210 |
_aМосква _cООО "Возрождение" _d2010 |
||
| 215 |
_a[16] с. _d29 см |
||
| 606 | 1 |
_aМузыкальные спектакли _yРоссия _z20-21 вв. _jНоты _2nlr_sh |
|
| 686 |
_aЩ987.6(2Р=Рус) _vLBC/SL _2rubbk |
||
| 700 | 1 |
_9z01790 _aФишкина _bЛ. Л. _gЛюбовь Леонидовна _4070 _7ca |
|
| 790 | 1 |
_9z01700 _aFiškina _bL. L. _gLjubov` Leonidovna _4070 _7ba |
|
| 801 | 0 |
_aRU _bNLR _c20151209 _gPSBO |
|
| 801 | 1 |
_aRU _bNLR _c20151209 _2rusmarc |
|
| 801 | 2 |
_aRU _bNLR _c20190630 |
|
| 852 |
_aNLR _bМ _jК-3/27240 _pМОЭ 2010-33н/393н _t1 |
||
| 852 |
_aNLR _bМ _jК-3/27240а _pМОЭ 2010-33н/393на _t2 |
||
| 942 | _cSCORE | ||
| 980 | _aNB | ||
| 980 | _aONIZ | ||